Minecraft Mobs boss - Statistics

General Stats
  • This quiz has been taken 41 times
  • The average score is 4 of 5
Answer Stats
Hint Answer % Correct
1 Wither
100%
2 Ender Dragon
97%
4 Elder Guardian
90%
3 Warden
90%
5 Ravager
41%
No matching quizzes found
Score Distribution
Percent of People with Each Score
Percentile by Number Answered
Your Score History
You have not taken this quiz